Statistics for 2009 Ashes Series Squads

Click here to take the quiz!

General Stats

  • This quiz has been taken 386 times
  • The average score is 21 of 32

Answer Stats

PositionAnswer% Correct
BatsmanAlastair Cook
96%
BowlerJames Anderson
94%
BatsmanAndrew Strauss (c)
93%
BowlerStuart Broad
93%
BatsmanRicky Ponting (c)
92%
BatsmanIan Bell
91%
BowlerStuart Clark
87%
All-RounderAndrew Flintoff
86%
BatsmanKevin Pietersen
86%
BowlerGraeme Swann
83%
BatsmanMichael Clarke
82%
BatsmanMatt Prior (wk)
78%
BatsmanJonathan Trott
75%
BowlerMitchell Johnson
75%
BatsmanPaul Collingwood
73%
BatsmanBrad Haddin (wk)
71%
BowlerMonty Panesar
71%
All-RounderShane Watson
65%
BatsmanSimon Katich
60%
BatsmanMichael Hussey
60%
BowlerPeter Siddle
59%
Bowler*Brett Lee
54%
BatsmanPhillip Hughes
54%
BowlerSteve Harmison
53%
BowlerBen Hilfenhaus
45%
BowlerNathan Hauritz
45%
BowlerGraham Onions
44%
BatsmanRavi Bopara
44%
BatsmanMarcus North
41%
Bowler*Ryan Sidebottom
20%
BatsmanGraham Manou (wk)
17%
All-Rounder*Andrew McDonald
10%

Score Distribution

Percentile by Number Answered

Percent of People with Each Score

Your Score History

You have not taken this quiz